Zelda characters - Statistics

General Stats
  • This quiz has been taken 574 times
  • The average score is 7 of 8
Answer Stats
Hint Answer % Correct
Hero of hyrule Link
100%
Princess of hyrule Zelda
100%
Main villian Ganon
99%
An evil mask Majora
94%
A fairy that helps you Navi
90%
A child who wants to destroy the world Skull kid
75%
A person who gave you a sword Oldman
55%
The king of Kokiri Great deku tree
39%
No matching quizzes found
Score Distribution
Percent of People with Each Score
Percentile by Number Answered
Your Score History
You have not taken this quiz